000 00340nam a22001577a 4500
005 20260324112912.0
020 _a9788198712226
041 _aEnglish
082 _aT16 R25 SUN
100 _aSundaramurthy R
245 _aThamizh Aaraychi Varalaru
260 _aChennai
_bNCBH
_c2025
300 _a152
365 _b135.00
942 _cBK
999 _c177058
_d177058